Normal view
MARC view
Entry Personal Name
001 - CONTROL NUMBER
- control field: 5068
003 - CONTROL NUMBER IDENTIFIER
- control field: BD-RjUL
005 - DATE AND TIME OF LATEST TRANSACTION
- control field: 20220929121827.0
008 - FIXED-LENGTH DATA ELEMENTS
- fixed length control field: 220929|| aca||aabn | a|a d
040 ## - CATALOGING SOURCE
- Original cataloging agency: BD-RjUL
- Transcribing agency: BD-RjUL
100 ## - HEADING--PERSONAL NAME
- Personal name: Shakespeare, William,
- Dates associated with a name: 1564-1616
- General subdivision: Literary style
670 ## - SOURCE DATA FOUND
- Source citation: Work cat.: (BD-RjUL)80464: Clemen, Wolfgang. 5067, The development of Shakespeare's imagery /, 1951 [reprinted 1961]